[Event "L. Polugaevsky Memorial 2012"]
[Site "Samara"]
[Date "2012.07.07"]
[Round "3.38"]
[White "Sazonova, Elena N"]
[Black "Rotmistrov, Aleksandr"]
[Result "1-0"]
[WhiteElo "2159"]
[BlackElo "1835"]
[PlyCount "79"]
[EventDate "2012.07.05"]

1. e4 c6 2. d4 d5 3. Nc3 dxe4 4. Nxe4 Nd7 5. Nf3 Ngf6 6. Nxf6+ Nxf6 7. Bc4 Bf5
8. Bg5 e6 9. Qe2 Be7 10. O-O-O O-O 11. Ne5 h6 12. Bxf6 Bxf6 13. f4 Qd6 14. g4
b5 15. gxf5 bxc4 16. fxe6 Qxe6 17. Kb1 c3 18. bxc3 Qd6 19. Qc4 Qa3 20. Ka1 Qd6
21. Rb1 Bxe5 22. fxe5 Qd5 23. Qxd5 cxd5 24. Rb5 Rac8 25. Rxd5 Rxc3 26. Kb2 Rfc8
27. Rd8+ Rxd8 28. Kxc3 Rb8 29. d5 Kf8 30. Rg1 Rb5 31. Rd1 Ke7 32. a4 Rb6 33.
Rg1 g5 34. Rg4 a5 35. Rc4 Kd7 36. Rc5 g4 37. Rxa5 h5 38. Ra7+ Ke8 39. Ra8+ Ke7
40. Rh8 1-0

[Event "L. Polugaevsky Memorial 2012"]
[Site "Samara"]
[Date "2012.07.07"]
[Round "3.39"]
[White "Korovin, Mikhail"]
[Black "Velichko, Arseny"]
[Result "0-1"]
[WhiteElo "2110"]
[BlackElo "1914"]
[PlyCount "130"]
[EventDate "2012.07.05"]

1. b3 d5 2. Bb2 c5 3. Nf3 f6 4. e3 e5 5. Bb5+ Nc6 6. O-O Bd6 7. d3 a6 8. Bxc6+
bxc6 9. Nfd2 Ne7 10. Nc3 O-O 11. Na4 Ng6 12. Ba3 f5 13. Bxc5 Bxc5 14. Nxc5 f4
15. Kh1 Qg5 16. exf4 Nxf4 17. g3 Bh3 18. Rg1 Nh5 19. Qe2 Rf6 20. Nde4 dxe4 21.
Nxe4 Qg4 22. Qxg4 Bxg4 23. Nxf6+ gxf6 24. Kg2 Be6 25. Rad1 c5 26. f3 Kf7 27.
Kf2 Rd8 28. Rge1 Bd5 29. c3 Bc6 30. Rd2 Ng7 31. Red1 Ne6 32. Ke3 Ng5 33. Rf1
Re8 34. Rb2 Rb8 35. Rbf2 Nh3 36. Rd2 f5 37. Re2 Re8 38. Kd2 Ng5 39. f4 Nf3+ 40.
Rxf3 Bxf3 41. Rxe5 Rxe5 42. fxe5 Ke6 43. Ke3 Bd1 44. d4 Bc2 45. Kd2 Be4 46. a3
Kd5 47. Ke3 cxd4+ 48. cxd4 Bc2 49. b4 Ba4 50. Kf4 Bd7 51. Kg5 Kxd4 52. Kf6 Kd5
53. h4 h5 54. Ke7 Bc8 55. Kf6 Bd7 56. Kg6 Kxe5 57. Kxh5 Kf6 58. Kh6 Ba4 59. Kh7
Bc2 60. Kh6 Bb3 61. h5 Bc2 62. a4 Bxa4 63. Kh7 Bc2 64. Kh6 Bd3 65. b5 Bxb5 0-1

[Event "L. Polugaevsky Memorial 2012"]
[Site "Samara"]
[Date "2012.07.07"]
[Round "3.40"]
[White "Popelyshev, Igor V"]
[Black "Bogolepov, Grigory"]
[Result "1-0"]
[WhiteElo "2095"]
[BlackElo "1614"]
[PlyCount "113"]
[EventDate "2012.07.05"]

1. f4 d5 2. Nf3 Nf6 3. g3 b6 4. Bg2 Bb7 5. O-O e6 6. e3 Bd6 7. b3 Nbd7 8. Bb2
Qe7 9. d4 h6 10. Nbd2 O-O-O 11. c4 g5 12. Rc1 Rhg8 13. a3 Kb8 14. b4 c5 15.
bxc5 bxc5 16. Ne5 cxd4 17. exd4 gxf4 18. c5 Nxc5 19. dxc5 Bxc5+ 20. Kh1 fxg3
21. Rxf6 gxh2 22. Ndf3 Rxg2 23. Kxg2 Rg8+ 24. Kxh2 Bd6 25. Rf4 f6 26. Qe2 fxe5
27. Bxe5 Ka8 28. Rg1 Rxg1 29. Kxg1 Bxa3 30. Rg4 Bc6 31. Rg8+ Be8 32. Qb5 Qc5+
33. Qxc5 Bxc5+ 34. Kf1 Kb7 35. Rxe8 a5 36. Rxe6 a4 37. Nd4 a3 38. Nb3 Bb4 39.
Rxh6 Ka7 40. Bd4+ Ka8 41. Ra6+ Kb7 42. Rb6+ Kc7 43. Rxb4 Kc6 44. Rb6+ Kd7 45.
Be5 Ke7 46. Nd4 a2 47. Rb7+ Ke8 48. Ne6 d4 49. Ng7+ Kf8 50. Bxd4 Kg8 51. Nf5
Kf8 52. Ke2 Ke8 53. Nd6+ Kf8 54. Bf6 Kg8 55. Rg7+ Kf8 56. Rh7 a1=N 57. Rh8# 1-0

[Event "L. Polugaevsky Memorial 2012"]
[Site "Samara"]
[Date "2012.07.07"]
[Round "3.42"]
[White "Kabanova, Ekaterina"]
[Black "Velichko, Artemy"]
[Result "1-0"]
[WhiteElo "2164"]
[BlackElo "1761"]
[PlyCount "86"]
[EventDate "2012.07.05"]

1. Nf3 d5 2. b3 c5 3. Bb2 f6 4. e3 e5 5. Nxe5 fxe5 6. Qh5+ Ke7 7. Qxe5+ Be6 8.
Bd3 Nc6 9. Qg5+ Ke8 10. Qg3 Nf6 11. O-O Qd7 12. f4 Bf5 13. Bxf5 Qxf5 14. d3 Qg6
15. Qh4 Be7 16. f5 Qf7 17. Qe1 Bd6 18. e4 dxe4 19. Nd2 Nd4 20. Bxd4 cxd4 21.
Nxe4 Nxe4 22. Qxe4+ Qe7 23. Qg4 Kf8 24. Kh1 Qe5 25. Qh4 Qf6 26. Qf2 Qe5 27. g3
Qf6 28. Rae1 Re8 29. Rxe8+ Kxe8 30. Re1+ Kd7 31. Re6 Qg5 32. Qxd4 Qc1+ 33. Kg2
Qxc2+ 34. Kh3 Qc5 35. Rxd6+ Qxd6 36. Qxg7+ Kc6 37. Qxh8 Qh6+ 38. Kg4 Qxh2 39.
Qe8+ Kc7 40. Qe5+ Kc6 41. f6 Qd2 42. Qe4+ Kd7 43. f7 Qd1+ 1-0

[Event "L. Polugaevsky Memorial 2012"]
[Site "Samara"]
[Date "2012.07.07"]
[Round "3.43"]
[White "Sorochan, Dmitry"]
[Black "Vdovin, Maxim"]
[Result "1-0"]
[WhiteElo "2068"]
[BlackElo "1752"]
[PlyCount "89"]
[EventDate "2012.07.05"]

1. e4 c5 2. Nf3 d6 3. d4 cxd4 4. Nxd4 Nf6 5. Nc3 g6 6. Be3 Bg7 7. f3 O-O 8. Qd2
Nc6 9. Bc4 Bd7 10. O-O-O Rc8 11. Bb3 Na5 12. h4 Nxb3+ 13. Nxb3 h5 14. Rdg1 b5
15. g4 a5 16. gxh5 Nxh5 17. Nd5 Be6 18. Nd4 Bxd5 19. exd5 Qc7 20. Rg5 Qc4 21.
Kb1 Kh7 22. Rhg1 Rg8 23. Nc6 Bh6 24. R5g4 Bxe3 25. Qxe3 Qxd5 26. Nxe7 Qc5 27.
Qxc5 dxc5 28. Nxg8 Kxg8 29. Rg5 Kf8 30. Rd1 Nf4 31. Rd7 Re8 32. b3 Re1+ 33. Kb2
Ne6 34. Rg4 b4 35. Ra7 Nd4 36. Rxa5 f5 37. Rxg6 Ne2 38. Re6 Kf7 39. Re3 f4 40.
Re4 c4 41. bxc4 Kf6 42. Rae5 Rb1+ 43. Kxb1 Nc3+ 44. Kb2 Nxe4 45. Rxe4 1-0

[Event "L. Polugaevsky Memorial 2012"]
[Site "Samara"]
[Date "2012.07.07"]
[Round "3.45"]
[White "Sazonova, Anastasia"]
[Black "Loginov, Ilya"]
[Result "1-0"]
[WhiteElo "1939"]
[BlackElo "1740"]
[PlyCount "95"]
[EventDate "2012.07.05"]

1. e4 c5 2. Nf3 d6 3. d4 cxd4 4. Nxd4 Nf6 5. Nc3 g6 6. h3 Bg7 7. g3 O-O 8. Bg2
Nc6 9. Nde2 Rb8 10. a4 a6 11. O-O b5 12. axb5 axb5 13. Nd5 Nxd5 14. exd5 Ne5
15. Nd4 Qb6 16. c3 Bd7 17. Kh2 Rfc8 18. Re1 Re8 19. b3 f5 20. f4 Nf7 21. Be3
Qc7 22. Qd3 Nd8 23. Ra2 e5 24. dxe6 Nxe6 25. Nxe6 Bxe6 26. Bd4 Bxd4 27. Qxd4
Qc5 28. Qxc5 dxc5 29. Bc6 Bxb3 30. Rxe8+ Rxe8 31. Rb2 Re6 32. Bxb5 c4 33. Rxb3
cxb3 34. Bc4 Kf7 35. Bxb3 Kf6 36. Bxe6 Kxe6 37. g4 Kd5 38. gxf5 gxf5 39. Kg3
Ke4 40. c4 Kd4 41. Kh4 Ke4 42. c5 Kd5 43. Kg5 Kxc5 44. Kxf5 Kd6 45. Kf6 Kd5 46.
f5 Kd6 47. Kg7 Ke5 48. f6 1-0

[Event "L. Polugaevsky Memorial 2012"]
[Site "Samara"]
[Date "2012.07.07"]
[Round "3.47"]
[White "Strunin, Anton"]
[Black "Kiryushova, Dariya"]
[Result "1-0"]
[WhiteElo "1889"]
[BlackElo "1617"]
[PlyCount "35"]
[EventDate "2012.07.05"]

1. d4 d5 2. Bf4 Nf6 3. e3 e6 4. Nf3 c5 5. c3 cxd4 6. exd4 Bd6 7. Bg5 O-O 8. Bd3
h6 9. Bh4 Nbd7 10. Nbd2 a6 11. a4 b6 12. O-O Bb7 13. Re1 Qc7 14. Qe2 Rfe8 15.
Ne5 Be7 16. Nxf7 Kxf7 17. Qxe6+ Kf8 18. Bg6 1-0

[Event "L. Polugaevsky Memorial 2012"]
[Site "Samara"]
[Date "2012.07.07"]
[Round "3.48"]
[White "Zernov, Egor"]
[Black "Gumerov, Ruslan"]
[Result "1-0"]
[WhiteElo "1498"]
[BlackElo "1877"]
[PlyCount "67"]
[EventDate "2012.07.05"]

1. e4 c5 2. c3 d5 3. exd5 Qxd5 4. Nf3 Bg4 5. Be2 Nf6 6. d4 cxd4 7. Qxd4 Nc6 8.
Qxd5 Nxd5 9. O-O e6 10. Nbd2 Be7 11. Bb5 O-O 12. Bxc6 bxc6 13. Ne5 Bh5 14. Nxc6
Bc5 15. c4 Nf4 16. Ne4 Ne2+ 17. Kh1 Bb6 18. c5 Bc7 19. Nd6 Kh8 20. Be3 f5 21.
f3 Bxd6 22. cxd6 Be8 23. Ne5 Bb5 24. Rfe1 f4 25. a4 fxe3 26. axb5 Nd4 27. Rad1
Rf5 28. Nc6 e5 29. Nxd4 exd4 30. Rxd4 Rxb5 31. d7 Rd8 32. Rxe3 Rbb8 33. Rde4
Rf8 34. Re8 1-0

[Event "L. Polugaevsky Memorial 2012"]
[Site "Samara"]
[Date "2012.07.07"]
[Round "3.49"]
[White "Alieva, Viktoria"]
[Black "Chekalkina, Viktoria"]
[Result "0-1"]
[WhiteElo "1443"]
[BlackElo "1834"]
[PlyCount "36"]
[EventDate "2012.07.05"]

1. e4 e6 2. d4 d5 3. Nc3 Nf6 4. e5 Nfd7 5. f4 c5 6. Be3 Qb6 7. Na4 Qa5+ 8. c3
cxd4 9. Bxd4 b5 10. b4 Qxa4 11. Qxa4 bxa4 12. Bb5 a5 13. Bxa4 axb4 14. Bb3 Nc6
15. Ne2 Ba6 16. Ba4 Nxd4 17. cxd4 Bxe2 18. Kxe2 Rxa4 0-1

[Event "L. Polugaevsky Memorial 2012"]
[Site "Samara"]
[Date "2012.07.08"]
[Round "4.1"]
[White "Khismatullin, Denis"]
[Black "Fedorov, Alexei"]
[Result "0-1"]
[WhiteElo "2664"]
[BlackElo "2562"]
[PlyCount "74"]
[EventDate "2012.07.05"]

1. d4 Nf6 2. c4 g6 3. g3 c5 4. d5 b5 5. cxb5 a6 6. bxa6 Bg7 7. Nc3 O-O 8. Nf3
d6 9. a7 Rxa7 10. Bg2 Nbd7 11. O-O Nb6 12. Re1 Ba6 13. Nd2 Qa8 14. e4 Nfd7 15.
Bf1 Bxf1 16. Rxf1 Bxc3 17. bxc3 Rxa2 18. Rb1 Qa4 19. Qxa4 Rxa4 20. Re1 Rfa8 21.
Nf3 f6 22. Kf1 Kf7 23. h4 Rc4 24. Rb3 Ra2 25. Nd2 Rca4 26. Bb2 Nc4 27. Nxc4
Rxc4 28. Bc1 Ne5 29. Rb8 g5 30. hxg5 Nd3 31. Rd1 Nxf2 32. Rd2 Rxd2 33. Bxd2
Nxe4 34. Ke2 fxg5 35. Rh8 Nf6 36. Kf3 Kg7 37. Rb8 h6 0-1

[Event "L. Polugaevsky Memorial 2012"]
[Site "Samara"]
[Date "2012.07.08"]
[Round "4.4"]
[White "Goganov, Aleksey"]
[Black "Timofeev, Artyom"]
[Result "1/2-1/2"]
[WhiteElo "2509"]
[BlackElo "2641"]
[PlyCount "102"]
[EventDate "2012.07.05"]

1. d4 Nf6 2. c4 g6 3. f3 Nc6 4. d5 Ne5 5. e4 d6 6. Nc3 Bg7 7. f4 Ned7 8. Nh3 c6
9. Nf2 Qb6 10. Na4 Qc7 11. Be2 b5 12. dxc6 bxa4 13. cxd7+ Bxd7 14. Be3 Bc6 15.
Bf3 Nd7 16. Rb1 Rb8 17. Qd2 Nc5 18. O-O O-O 19. Kh1 Ba8 20. Qc2 a5 21. Ng4 f5
22. exf5 Bxf3 23. Rxf3 gxf5 24. Nf2 Kh8 25. Bd2 h6 26. Bc3 Bxc3 27. Qxc3+ Kh7
28. Re1 e6 29. h3 Qg7 30. Qxg7+ Kxg7 31. Re2 Rb7 32. g4 Rfb8 33. gxf5 exf5 34.
Nd1 Rb4 35. Rg3+ Kf7 36. Reg2 Ne6 37. Ne3 Rxb2 38. Nxf5 Nxf4 39. Nxh6+ Ke6 40.
Re3+ Kd7 41. Rxb2 Rxb2 42. Rf3 Ne6 43. Ra3 Rb4 44. Nf5 Nf4 45. Ne3 Ke6 46. Kh2
Ng6 47. Kg3 Ne5 48. Rc3 Rb2 49. Ra3 Rb4 50. Rc3 Rb2 51. Ra3 Rb4 1/2-1/2

[Event "L. Polugaevsky Memorial 2012"]
[Site "Samara"]
[Date "2012.07.08"]
[Round "4.5"]
[White "Kokarev, Dmitry"]
[Black "Virovlansky, Semen"]
[Result "1/2-1/2"]
[WhiteElo "2616"]
[BlackElo "2471"]
[PlyCount "111"]
[EventDate "2012.07.05"]

1. e4 e5 2. Nf3 Nc6 3. Bb5 a6 4. Ba4 Nf6 5. O-O Nxe4 6. d4 exd4 7. Re1 d5 8. c4
dxc3 9. Nxc3 Be6 10. Bxc6+ bxc6 11. Qa4 Rb8 12. Nxe4 dxe4 13. Qxc6+ Qd7 14.
Qxe4 Bb4 15. Ne5 Qd6 16. Qc6+ Kf8 17. Qxd6+ cxd6 18. Nc6 Rb6 19. Nxb4 Rxb4 20.
b3 Ke7 21. Bb2 Rg8 22. Rac1 Kd7 23. Re3 Rb7 24. Rec3 Ra8 25. Rc6 Bd5 26. R6c2
a5 27. Rd2 Be6 28. Bxg7 a4 29. Be5 Rb6 30. Rcd1 axb3 31. axb3 Raa6 32. h3 Bxb3
33. Re1 Be6 34. Bf6 Rb5 35. Rd4 Rab6 36. Kh2 Rb4 37. g4 Rxd4 38. Bxd4 Rb4 39.
Rd1 Kc6 40. Kg3 Rb3+ 41. Be3 Rb5 42. Kh4 f5 43. Bf4 Rd5 44. Re1 Kd7 45. Ra1 Rc5
46. Be3 Rc4 47. Ra7+ Rc7 48. Ra5 Rc4 49. f4 fxg4 50. hxg4 Re4 51. Ra3 d5 52.
Rd3 Kc6 53. Kg3 Kb5 54. f5 Kc4 55. Rd4+ Rxd4 56. Bxd4 1/2-1/2

[Event "L. Polugaevsky Memorial 2012"]
[Site "Samara"]
[Date "2012.07.08"]
[Round "4.6"]
[White "Maletin, Pavel"]
[Black "Nakhapetiane, Pogos"]
[Result "1-0"]
[WhiteElo "2596"]
[BlackElo "2497"]
[PlyCount "99"]
[EventDate "2012.07.05"]

1. d4 d5 2. c4 e6 3. Nc3 Be7 4. cxd5 exd5 5. Bf4 Nf6 6. e3 Bd6 7. Bg5 c6 8. Bd3
Be6 9. Nge2 h6 10. Bh4 Qe7 11. Qb3 b5 12. Qc2 b4 13. Na4 O-O 14. Bg3 Rc8 15.
Nc1 Nbd7 16. Nb3 Nb6 17. Bxd6 Qxd6 18. Qc5 Qxc5 19. Nbxc5 Ne8 20. b3 Nxa4 21.
Nxa4 Nd6 22. Ke2 Kf8 23. Rhc1 Ke7 24. a3 bxa3 25. Rxa3 Rc7 26. Rca1 Kd8 27. Nc5
Bf5 28. Bxf5 Nxf5 29. g4 Nd6 30. h4 Ke7 31. Kd3 h5 32. gxh5 Nb5 33. R3a2 Rh8
34. Rg1 Rxh5 35. Rxg7 Rxh4 36. Ra1 Rc8 37. Kd2 Rh6 38. Nd3 Rf6 39. Rag1 Nd6 40.
Ke2 Rb8 41. b4 Nb5 42. Rc1 Rb6 43. Ra1 Rb8 44. Ne5 Rb7 45. f3 Rc7 46. Rh7 Rb7
47. Kd3 Nc7 48. Rh8 Ne8 49. Ra6 c5 50. Rxe8+ 1-0

[Event "L. Polugaevsky Memorial 2012"]
[Site "Samara"]
[Date "2012.07.08"]
[Round "4.7"]
[White "Klyuev, Alexander S"]
[Black "Gabrielian, Artur"]
[Result "0-1"]
[WhiteElo "2191"]
[BlackElo "2594"]
[PlyCount "84"]
[EventDate "2012.07.05"]

1. d4 d5 2. c4 e6 3. Nf3 c5 4. e3 Nf6 5. Nc3 Nc6 6. Bd3 cxd4 7. exd4 dxc4 8.
Bxc4 Be7 9. O-O O-O 10. a3 Bd7 11. Be3 Rc8 12. Bd3 Qa5 13. b4 Qh5 14. Rc1 Rfd8
15. h3 Be8 16. Ne2 Nd5 17. Ng3 Nxe3 18. fxe3 Qh6 19. Qe1 a5 20. b5 Nb8 21. Rxc8
Rxc8 22. Ne5 Bxa3 23. Ng4 Qh4 24. Qxa5 Bf8 25. Ne2 Qg5 26. Qd2 Bd6 27. Nf2 Qe7
28. Ne4 Bb4 29. Qb2 Nd7 30. Nf4 Nb6 31. Qf2 Nd5 32. Nxd5 exd5 33. Ng3 g6 34. e4
Rc3 35. Bb1 Bxb5 36. Ne2 Rb3 37. Nf4 Bxf1 38. Nxd5 Qg5 39. Qxf1 Bc3 40. Ba2
Bxd4+ 41. Kh1 Rb2 42. Bc4 Rf2 0-1

[Event "L. Polugaevsky Memorial 2012"]
[Site "Samara"]
[Date "2012.07.08"]
[Round "4.8"]
[White "Tukhaev, Adam"]
[Black "Bochkarev, Alexey"]
[Result "1-0"]
[WhiteElo "2546"]
[BlackElo "2410"]
[PlyCount "69"]
[EventDate "2012.07.05"]

1. e4 e6 2. d4 d5 3. e5 c5 4. c3 Bd7 5. Nf3 Qb6 6. Bd3 Nc6 7. dxc5 Bxc5 8. O-O
a5 9. Qe2 Nge7 10. Nbd2 a4 11. b4 axb3 12. Nxb3 Ba3 13. Bf4 Qc7 14. Rab1 Na5
15. Nbd4 Qxc3 16. Nc2 Nec6 17. Rb5 Nb4 18. Rxb4 Bxb4 19. Bd2 Qb2 20. Bxb4 Nc6
21. Bd6 Rxa2 22. Qd2 h6 23. h4 Ne7 24. Qe3 Nc8 25. Bb4 Ra4 26. Qd2 Bc6 27. Nfd4
Kd7 28. Qf4 Ke8 29. Nb5 f6 30. exf6 Qxf6 31. Qc7 Bd7 32. h5 Rxb4 33. Nxb4 Qe7
34. Bg6+ Kf8 35. Re1 1-0

[Event "L. Polugaevsky Memorial 2012"]
[Site "Samara"]
[Date "2012.07.08"]
[Round "4.9"]
[White "Shomoev, Anton"]
[Black "Natacheev, Peter"]
[Result "1/2-1/2"]
[WhiteElo "2582"]
[BlackElo "2242"]
[PlyCount "156"]
[EventDate "2012.07.05"]

1. d4 d5 2. c4 c6 3. Nf3 Nf6 4. e3 a6 5. Nc3 b5 6. c5 g6 7. Ne5 Bg7 8. f4 Ne4
9. Nxe4 dxe4 10. a4 f6 11. Ng4 Bxg4 12. Qxg4 f5 13. Qd1 Nd7 14. Be2 Nf6 15. Qb3
Nd5 16. O-O e6 17. Bd2 O-O 18. g3 Qc7 19. Ra2 Rfb8 20. Rfa1 Qb7 21. Kf2 Bf6 22.
axb5 axb5 23. Ra3 Kf7 24. Qa2 Rxa3 25. Qxa3 Nc7 26. Qa7 Bd8 27. Qxb7 Rxb7 28.
Ba5 Ke7 29. Bxc7 Bxc7 30. Bd1 Kd7 31. Bb3 Rb8 32. Ra7 Re8 33. h3 h5 34. Ra6 Bd8
35. g4 h4 36. Ra8 Re7 37. Kg2 Re8 38. Kf1 Re7 39. Kf2 Re8 40. gxf5 gxf5 41. Ra1
Re7 42. Rg1 Rf7 43. Rg8 Rf6 44. Bd1 Rh6 45. Bb3 Be7 46. Ke1 Bf6 47. Ra8 Bd8 48.
Kf2 Rg6 49. Ba2 Rh6 50. b4 Rg6 51. Bb3 Bc7 52. Rh8 Bd8 53. Rh7+ Be7 54. Bd1 Kd8
55. Rh8+ Kc7 56. Ra8 Rg3 57. Bb3 Rg6 58. Ra7+ Kd8 59. Ra6 Kd7 60. Ra7+ Kd8 61.
Rb7 Rh6 62. Ba2 Rg6 63. Ra7 Rf6 64. Ra8+ Kd7 65. Rh8 Rg6 66. Rh7 Kd8 67. Bb3
Kd7 68. Bd1 Kd8 69. Rh8+ Kc7 70. Bh5 Rf6 71. Ra8 Rh6 72. Be8 Kb7 73. Ra1 Rh8
74. Bf7 Rh6 75. Rg1 Kc7 76. Rg8 Rf6 77. Bh5 Rf8 78. Rxf8 Bxf8 1/2-1/2

[Event "L. Polugaevsky Memorial 2012"]
[Site "Samara"]
[Date "2012.07.08"]
[Round "4.10"]
[White "Dimukhametov, Artur"]
[Black "Bocharov, Dmitry"]
[Result "0-1"]
[WhiteElo "2355"]
[BlackElo "2600"]
[PlyCount "118"]
[EventDate "2012.07.05"]

1. d4 d6 2. c4 e5 3. Nf3 e4 4. Nfd2 f5 5. Nc3 Nf6 6. Nb3 c6 7. Bf4 Nh5 8. Bg3
Nxg3 9. hxg3 Nd7 10. e3 Nf6 11. Be2 Be7 12. Bh5+ Kf8 13. Qe2 Bd7 14. O-O-O Kg8
15. Qc2 b5 16. c5 d5 17. Be2 a5 18. a4 b4 19. Nb1 Qe8 20. Qd2 Qg6 21. Qe1 Bd8
22. N1d2 Bc7 23. Bf1 h5 24. Kc2 Rh6 25. Nc1 Re8 26. Ndb3 Kf7 27. Be2 Reh8 28.
Rh4 Qh7 29. f4 exf3 30. gxf3 Bxg3 31. Qh1 Re8 32. Rh3 h4 33. Nxa5 Rxe3 34. Bd3
Qh8 35. Nb7 g5 36. Qg1 f4 37. Nd6+ Kf8 38. Rh1 Rxf3 39. a5 Ng4 40. a6 Rf2+ 41.
Kb1 Qxd4 42. Qxf2 Nxf2 43. a7 Nxd1 44. a8=Q+ Kg7 45. Rxd1 Qxc5 46. Nf5+ Bxf5
47. Bxf5 Rf6 48. Qb7+ Rf7 49. Qc8 Qf8 50. Qxc6 Rxf5 51. Nb3 Qf6 52. Qb7+ Qf7
53. Qb8 f3 54. Qxb4 f2 55. Nd2 f1=Q 56. Nxf1 Rxf1 57. Qc3+ Kg6 58. Qc2+ Kh6 59.
Qc6+ Kh5 0-1

[Event "L. Polugaevsky Memorial 2012"]
[Site "Samara"]
[Date "2012.07.08"]
[Round "4.11"]
[White "Kovalenko, Igor"]
[Black "Fatkhutdinov, Gafiyat"]
[Result "1/2-1/2"]
[WhiteElo "2556"]
[BlackElo "2354"]
[PlyCount "175"]
[EventDate "2012.07.05"]

1. d4 d5 2. c4 c6 3. Nf3 Nf6 4. Nc3 a6 5. cxd5 cxd5 6. Bf4 Nc6 7. Rc1 Nh5 8.
Bd2 Nf6 9. e3 Bg4 10. Qb3 Na5 11. Qc2 Rc8 12. Ne5 Bd7 13. b4 Nc6 14. Nxd7 Qxd7
15. Na4 Na7 16. Nc5 Qc6 17. Qb3 Qb6 18. Qa4+ Nb5 19. Bd3 e6 20. O-O Rb8 21. Qb3
Be7 22. a4 Nd6 23. a5 Qd8 24. Qa4+ Kf8 25. f3 Kg8 26. Rc2 h5 27. Rfc1 Bf8 28.
Be1 h4 29. h3 Rh5 30. Bf2 Nf5 31. b5 axb5 32. Qxb5 Nd6 33. Qb6 Be7 34. Qxd8+
Bxd8 35. Be1 e5 36. Rb1 Ra8 37. Nxb7 Nxb7 38. Rxb7 e4 39. Be2 Rh6 40. Rcb2 Bxa5
41. Rb8+ Kh7 42. Rxa8 Bxe1 43. Kf1 Bg3 44. Rb7 Ng8 45. Ra6 f5 46. Rxh6+ Kxh6
47. Bb5 Nf6 48. Bc6 f4 49. exf4 e3 50. Ke2 Bf2 51. Kd1 Nh5 52. Bxd5 Nxf4 53.
Bc4 e2+ 54. Bxe2 Bxd4 55. Bf1 Bf6 56. Kd2 Kg5 57. Rb5+ Kh6 58. Ke3 Nh5 59. f4
Be7 60. Be2 Nf6 61. Kf3 Kg6 62. Bd3+ Kf7 63. Rb7 Ke6 64. Bc4+ Kd6 65. Ba2 Nd7
66. Kg4 Bf6 67. Kf5 Bd4 68. Bf7 Nc5 69. Rb1 Bf6 70. Bc4 Na4 71. Rg1 Nc3 72. g4
hxg3 73. Rxg3 Kc5 74. Bg8 Kd4 75. Kg4 Ne4 76. Rf3 Nd2 77. Ra3 Ne4 78. h4 Nf2+
79. Kf3 Nd3 80. h5 Nc5 81. Kg4 Ke4 82. Ra7 Bd4 83. Re7+ Kd3 84. Kf5 Kc3 85. Kg6
Nd3 86. Re4 Nf2 87. Rxd4 Kxd4 88. Kxg7 1/2-1/2

[Event "L. Polugaevsky Memorial 2012"]
[Site "Samara"]
[Date "2012.07.08"]
[Round "4.12"]
[White "Duzhakov, Ilya"]
[Black "Shaposhnikov, Evgeny"]
[Result "1/2-1/2"]
[WhiteElo "2342"]
[BlackElo "2545"]
[PlyCount "79"]
[EventDate "2012.07.05"]

1. d4 Nf6 2. c4 e6 3. Nf3 b6 4. g3 Bb4+ 5. Bd2 Bxd2+ 6. Qxd2 Ba6 7. b3 O-O 8.
Bg2 d5 9. O-O c5 10. Rd1 Nc6 11. dxc5 bxc5 12. cxd5 exd5 13. e3 Qe7 14. Nc3
Rfd8 15. Rac1 Rac8 16. Qb2 Nb4 17. Qb1 g6 18. a3 Nc6 19. Na4 Be2 20. Rd2 Bxf3
21. Bxf3 Ne5 22. Bg2 c4 23. Nc3 Nd3 24. Rcd1 Rb8 25. Qc2 Qxa3 26. bxc4 Nb4 27.
Qb2 Qxb2 28. Rxb2 a5 29. cxd5 Rdc8 30. Ne2 Rc5 31. e4 Ng4 32. Nd4 Nf6 33. Ra1
Nd3 34. Rb3 Rxb3 35. Nxb3 Rc8 36. Bf1 Rb8 37. Nxa5 Rb2 38. d6 Ne5 39. Bg2 Rd2
40. Nb3 1/2-1/2

[Event "L. Polugaevsky Memorial 2012"]
[Site "Samara"]
[Date "2012.07.08"]
[Round "4.13"]
[White "Iljushin, Alexei"]
[Black "Palachev, Petr"]
[Result "1-0"]
[WhiteElo "2517"]
[BlackElo "2287"]
[PlyCount "78"]
[EventDate "2012.07.05"]

1. d4 d5 2. c4 c6 3. Nf3 Nf6 4. Nc3 e6 5. e3 Nbd7 6. Qc2 Bd6 7. Bd3 O-O 8. O-O
dxc4 9. Bxc4 a6 10. a4 c5 11. Rd1 Qc7 12. Qe2 b6 13. d5 Ne5 14. Nxe5 Bxe5 15.
h3 Bxc3 16. bxc3 exd5 17. Bxd5 Nxd5 18. Rxd5 Be6 19. Rg5 f6 20. Rg3 Qc6 21. e4
Kh8 22. h4 b5 23. h5 Bc4 24. Qg4 Rf7 25. axb5 Qxb5 26. h6 g6 27. Re3 Re8 28.
Qg3 Rfe7 29. Re1 Qc6 30. f3 Rd7 31. Rb1 Bd3 32. Rb8 Rde7 33. Ba3 Re5 34. Rxe8+
Qxe8 35. c4 Bxc4 36. Bb2 Re6 37. Qc7 Qf8 38. Rd1 Bb5 39. Rd8 Be8 1-0

[Event "L. Polugaevsky Memorial 2012"]
[Site "Samara"]
[Date "2012.07.08"]
[Round "4.14"]
[White "Ovetchkin, Roman"]
[Black "Iliushkin, Evgeny"]
[Result "1-0"]
[WhiteElo "2501"]
[BlackElo "2264"]
[PlyCount "65"]
[EventDate "2012.07.05"]

1. d4 Nf6 2. Nf3 e6 3. c4 b6 4. Bf4 Bb7 5. e3 Bb4+ 6. Nbd2 O-O 7. a3 Bxd2+ 8.
Nxd2 d6 9. Bg5 c5 10. dxc5 bxc5 11. Qc2 Nbd7 12. Bd3 Qb6 13. O-O h6 14. Bh4 d5
15. cxd5 exd5 16. Rfd1 Ne5 17. Bf1 Rac8 18. Qb3 Rc6 19. Qxb6 axb6 20. Nb1 d4
21. Bb5 Rcc8 22. Bxf6 gxf6 23. exd4 cxd4 24. Nd2 Rc5 25. a4 Rc2 26. Nb3 Ng4 27.
Rxd4 Nxf2 28. Nd2 Nh3+ 29. gxh3 Kh8 30. Kf2 Rxb2 31. Rc1 Rg8 32. Rc7 Bh1 33.
Rxf7 1-0

[Event "L. Polugaevsky Memorial 2012"]
[Site "Samara"]
[Date "2012.07.08"]
[Round "4.15"]
[White "Kabanov, Nikolai"]
[Black "Mirzoeva, Elmira"]
[Result "1/2-1/2"]
[WhiteElo "2496"]
[BlackElo "2251"]
[PlyCount "89"]
[EventDate "2012.07.05"]

1. e4 c6 2. d4 d5 3. e5 Bf5 4. Nf3 e6 5. Be2 c5 6. c3 Nc6 7. O-O Bg4 8. Nbd2
cxd4 9. cxd4 Nge7 10. b4 Nf5 11. a3 Be7 12. Bb2 O-O 13. h3 Bxf3 14. Nxf3 a6 15.
Qd2 Rc8 16. g4 Nh4 17. Nxh4 Bxh4 18. f4 h6 19. Kh1 Ne7 20. Bd3 f5 21. exf6 Rxf6
22. Rf3 g5 23. Qh2 gxf4 24. Rxf4 Qc7 25. Rxf6 Qxh2+ 26. Kxh2 Bxf6 27. Rf1 Bh4
28. a4 Nc6 29. b5 axb5 30. axb5 Na5 31. Bc1 Kg7 32. Bf4 Nc4 33. Ra1 Rf8 34. Rf1
Rc8 35. Kg2 Ra8 36. Bxc4 dxc4 37. Rc1 Ra2+ 38. Kh1 Ra4 39. Be5+ Kg6 40. Kg2 Rb4
41. Kf3 Bg5 42. Bf4 Rxb5 43. Rxc4 Rb3+ 44. Ke4 Bxf4 45. Kxf4 1/2-1/2

[Event "L. Polugaevsky Memorial 2012"]
[Site "Samara"]
[Date "2012.07.08"]
[Round "4.16"]
[White "Nugumanov, Bakhtiyar"]
[Black "Bukavshin, Ivan"]
[Result "1-0"]
[WhiteElo "2279"]
[BlackElo "2487"]
[PlyCount "89"]
[EventDate "2012.07.05"]

1. c4 Nf6 2. Nc3 g6 3. g3 d5 4. cxd5 Nxd5 5. Bg2 Nb6 6. d3 Bg7 7. h4 h5 8. Nf3
O-O 9. Be3 Nc6 10. Qd2 Bg4 11. Rc1 e5 12. O-O Nd4 13. Bxd4 exd4 14. Ne4 c6 15.
Nc5 Qe7 16. Rc2 Rfe8 17. Qb4 Rad8 18. a4 Bc8 19. Qa5 Rd5 20. b4 Rd6 21. Qxa7
Nd5 22. b5 Nc3 23. b6 Rd5 24. Ne4 Qb4 25. Nfg5 Ra5 26. Nd6 Rxa7 27. bxa7 Qxa4
28. Nxe8 Qxa7 29. Nd6 Be6 30. Nxe6 fxe6 31. Bh3 e5 32. Kh2 Qa4 33. Rcc1 Qb4 34.
Ne4 b5 35. Ra1 Nxe4 36. dxe4 Kh7 37. Ra7 Qd2 38. Rfa1 Qb2 39. R1a2 Qb1 40. Be6
Qe1 41. Rf7 g5 42. Raa7 Kh6 43. Kg2 gxh4 44. gxh4 Qxe2 45. Bf5 1-0

[Event "L. Polugaevsky Memorial 2012"]
[Site "Samara"]
[Date "2012.07.08"]
[Round "4.17"]
[White "Iskusnyh, Sergei"]
[Black "Korchmar, Vasiliy"]
[Result "1/2-1/2"]
[WhiteElo "2478"]
[BlackElo "2236"]
[PlyCount "84"]
[EventDate "2012.07.05"]

1. d4 d5 2. c4 c6 3. Nf3 Nf6 4. e3 Bg4 5. h3 Bh5 6. cxd5 Bxf3 7. Qxf3 cxd5 8.
Nc3 Nc6 9. Bd3 e6 10. O-O Be7 11. Bd2 O-O 12. Rac1 Rc8 13. Qe2 Qd7 14. Rfd1
Rfd8 15. a3 a6 16. Be1 g6 17. Nb1 Rc7 18. b4 Rdc8 19. Qb2 Na7 20. Nc3 Ne8 21.
a4 Nd6 22. Qb3 b5 23. Ra1 Nc4 24. axb5 axb5 25. Rdb1 Rb8 26. Ne2 Nc6 27. Bc3
Ra7 28. Rxa7 Qxa7 29. Ra1 Qb7 30. Nc1 Ra8 31. Rxa8+ Qxa8 32. Bc2 Bxb4 33. Bxb4
Qa1 34. Bb1 Nxb4 35. Qxb4 Na3 36. Kh2 Nxb1 37. Qxb5 Nd2 38. Qb8+ Kg7 39. Qe5+
Kg8 40. Qb8+ Kg7 41. Qe5+ Kg8 42. Qb8+ Kg7 1/2-1/2